中史初階小測驗(十一) - Statistics

General Stats
  • This quiz has been taken 54 times
  • The average score is 7 of 10
Answer Stats
Question Answer % Correct
「一帶一路」是什麼? 中國以投資基建來擴大對歐亞非洲國家的影響力
100%
鄧小平九二年南巡有什麼重要意義? 鄧小平南巡時發表演講,令中國繼續推行改革開放政策
82%
何謂「五毛」? 在社交媒體發表擁護中共的言論的大陸網上評論員
82%
鄧小平怎樣評價毛澤東? 「功大於過」(七三開)
73%
台灣的黑金所指的是什麼? 台灣政客收取政治獻金
73%
以下哪一個不是中國的經濟特區? 青島
73%
台灣的動員戡亂時期在何年結束? 1987
73%
澳門在哪一年回歸中國? 1999
64%
誰在八九學運中對天安門廣場上絕食抗議的學生發表了談話? 中共總書記趙紫陽
55%
胡錦濤來自哪個派系? 團派
45%
No matching quizzes found
Score Distribution
Percent of People with Each Score
Percentile by Number Answered
Your Score History
You have not taken this quiz